[Event "17. Europa ch Juvenil - Femenino s14"]
[Site "Sibenik CRO"]
[Date "2007.09.21"]
[Round "8.17"]
[White "Edes, Zsofia"]
[Black "Vince, Andrea"]
[Result "1-0"]
[WhiteElo "1831"]
[BlackElo "1990"]
[PlyCount "79"]
[EventDate "2007.09.14"]
[EventType "swiss"]
[EventRounds "9"]
[EventCountry "CRO"]
[Source "lmi"]
[SourceDate "2007.09.14"]

1. d4 d5 2. c4 e5 3. dxe5 d4 4. Nf3 Nc6 5. g3 Nge7 6. Bg2 Ng6 7. Bg5 Qd7 8. O-O
h6 9. Bc1 Ngxe5 10. b3 Nxf3+ 11. Bxf3 Bd6 12. Na3 Be5 13. Bb2 O-O 14. Qd2 Bf6
15. Rad1 Qd8 16. Qc1 Qe8 17. Qa1 Bh3 18. Rfe1 a6 19. Nc2 Qd7 20. Ne3 Ne7 21.
Bxb7 Rab8 22. Bf3 c5 23. Nd5 Nxd5 24. Bxd5 Qf5 25. Qb1 Qc8 26. Bc1 Re8 27. Bf4
Rb6 28. Qc2 g5 29. Qg6+ Bg7 30. Bxf7+ Kf8 31. Qxb6 Kxf7 32. Qc7+ Qxc7 33. Bxc7
Bg4 34. Rd2 Rc8 35. Ba5 Re8 36. Bb6 Bf8 37. e3 Re6 38. Ba5 Bf3 39. Rb2 Bg7 40.
exd4 1-0

[Event "17. Europa ch Juvenil - Femenino s14"]
[Site "Sibenik CRO"]
[Date "2007.09.21"]
[Round "8.18"]
[White "Suarez Calvo, Alexandra"]
[Black "Barbageorgopoulou, Fani"]
[Result "1-0"]
[WhiteElo "1970"]
[BlackElo "1792"]
[PlyCount "49"]
[EventDate "2007.09.14"]
[EventType "swiss"]
[EventRounds "9"]
[EventCountry "CRO"]
[Source "lmi"]
[SourceDate "2007.09.14"]

1. e4 c5 2. Nf3 d6 3. d4 cxd4 4. Nxd4 Nf6 5. Nc3 a6 6. Be2 e5 7. Nb3 Be7 8. O-O
Be6 9. Kh1 O-O 10. f4 Qc7 11. f5 Bc4 12. g4 Re8 13. g5 Nfd7 14. Rg1 Kh8 15.
Bxc4 Qxc4 16. Qg4 b5 17. Be3 a5 18. Nd5 Bd8 19. c3 Na6 20. Nd2 Qd3 21. Rad1
Ndc5 22. Rg3 Qc2 23. Rh3 Kg8 24. Qh5 h6 25. gxh6 1-0

[Event "17. Europa ch Juvenil - Femenino s14"]
[Site "Sibenik CRO"]
[Date "2007.09.21"]
[Round "8.20"]
[White "Varga, Klara"]
[Black "Ivekovic, Ana"]
[Result "0-1"]
[WhiteElo "1952"]
[BlackElo "1720"]
[PlyCount "50"]
[EventDate "2007.09.14"]
[EventType "swiss"]
[EventRounds "9"]
[EventCountry "CRO"]
[Source "lmi"]
[SourceDate "2007.09.14"]

1. e4 c5 2. Nf3 Nc6 3. d4 cxd4 4. Nxd4 Nf6 5. Nc3 e5 6. Ndb5 d6 7. Nd5 Nxd5 8.
exd5 Nb8 9. c4 Be7 10. Be3 a6 11. Nc3 O-O 12. Bd3 f5 13. f3 Bg5 14. Qd2 Bxe3
15. Qxe3 Nd7 16. O-O Nc5 17. Bc2 a5 18. Na4 b6 19. Nxc5 bxc5 20. Ba4 f4 21. Qd2
Rf6 22. Kf2 Rg6 23. Rh1 Qh4+ 24. Kf1 Rxg2 25. Qe1 Qh3 0-1

[Event "17. Europa ch Juvenil - Femenino s14"]
[Site "Sibenik CRO"]
[Date "2007.09.21"]
[Round "8.21"]
[White "Vericeanu, Ilinca"]
[Black "Bazhenova, Dina"]
[Result "0-1"]
[WhiteElo "1669"]
[BlackElo "1910"]
[PlyCount "42"]
[EventDate "2007.09.14"]
[EventType "swiss"]
[EventRounds "9"]
[EventCountry "CRO"]
[Source "lmi"]
[SourceDate "2007.09.14"]

1. e4 c5 2. Nc3 e6 3. f4 d5 4. d3 Nc6 5. Nf3 dxe4 6. Nxe4 Nf6 7. Ng3 Bd6 8. d4
cxd4 9. Nxd4 Bb4+ 10. c3 Nxd4 11. cxb4 O-O 12. Be3 Nf5 13. Bc5 Re8 14. Bb5 Bd7
15. Qe2 Nd5 16. O-O b6 17. Bf2 Nxf4 18. Qc4 Bxb5 19. Qxb5 Nxg3 20. Bxg3 Qd5 21.
Qa6 Qxg2# 0-1

[Event "17. Europa ch Juvenil - Femenino s14"]
[Site "Sibenik CRO"]
[Date "2007.09.23"]
[Round "9.1"]
[White "Paikidze, Nazi"]
[Black "Neuhauser, Salome"]
[Result "1/2-1/2"]
[WhiteElo "2230"]
[BlackElo "1878"]
[PlyCount "20"]
[EventDate "2007.09.14"]
[EventType "swiss"]
[EventRounds "9"]
[EventCountry "CRO"]
[Source "lmi"]
[SourceDate "2007.09.14"]

1. d4 Nf6 2. Nf3 e6 3. e3 b6 4. Bd3 Bb7 5. Nbd2 c5 6. b3 Nc6 7. Bb2 Rc8 8. a3
cxd4 9. exd4 Be7 10. O-O O-O 1/2-1/2

[Event "17. Europa ch Juvenil - Femenino s14"]
[Site "Sibenik CRO"]
[Date "2007.09.23"]
[Round "9.2"]
[White "Soloviova, Liza"]
[Black "Remoli Sargues, Lidia"]
[Result "1-0"]
[WhiteElo "2098"]
[BlackElo "1894"]
[PlyCount "104"]
[EventDate "2007.09.14"]
[EventType "swiss"]
[EventRounds "9"]
[EventCountry "CRO"]
[Source "lmi"]
[SourceDate "2007.09.14"]

1. d4 Nf6 2. c4 g6 3. Nc3 Bg7 4. Nf3 O-O 5. e3 d6 6. Be2 Nbd7 7. b4 e5 8. Bb2
a5 9. a3 Re8 10. O-O exd4 11. Nxd4 Ne5 12. h3 Qe7 13. Qb3 h5 14. Rac1 Nh7 15.
Nd5 Qd8 16. f4 a4 17. Qc2 Nc6 18. Nb5 Bf5 19. Qd2 Rc8 20. Bxg7 Kxg7 21. Bd1 Ne7
22. Bxa4 Nxd5 23. cxd5 Bd7 24. Nc3 Bxa4 25. Nxa4 Ra8 26. Qc3+ Nf6 27. Nb2 Kg8
28. Qd3 Qe7 29. Rc3 Ne4 30. Rb3 Qh4 31. Nc4 Qg3 32. Nd2 f5 33. Nxe4 Rxe4 34.
Qc3 Re7 35. Rf3 Qh4 36. Kh2 Rf7 37. Rg3 Kh7 38. Qc4 Qe7 39. Rc3 Re8 40. Qb5 b6
41. a4 Qd7 42. Rc6 Ra8 43. a5 bxa5 44. bxa5 Qc8 45. a6 Ra7 46. Qc4 Re7 47. Rxd6
Rg7 48. Rc6 Qa8 49. e4 fxe4 50. Qxe4 Rxa6 51. Rgxg6 Rxc6 52. Re6+ Kg8 1-0

[Event "17. Europa ch Juvenil - Femenino s14"]
[Site "Sibenik CRO"]
[Date "2007.09.23"]
[Round "9.3"]
[White "Tjolsen, Katrine"]
[Black "Arabidze, Meri"]
[Result "1-0"]
[WhiteElo "2081"]
[BlackElo "2095"]
[PlyCount "101"]
[EventDate "2007.09.14"]
[EventType "swiss"]
[EventRounds "9"]
[EventCountry "CRO"]
[Source "lmi"]
[SourceDate "2007.09.14"]

1. g3 Nf6 2. Bg2 e5 3. c4 Nc6 4. Nc3 Bb4 5. Nd5 Nxd5 6. cxd5 Ne7 7. e3 O-O 8.
a3 Bd6 9. Ne2 c6 10. Nc3 f5 11. O-O Kh8 12. b4 Qe8 13. Bb2 Qf7 14. d3 a5 15. b5
Bc7 16. Qb3 f4 17. exf4 exf4 18. Rfe1 f3 19. Bh1 a4 20. Qc4 Ba5 21. Re3 cxd5
22. Qg4 d6 23. Qg5 Nf5 24. Rxf3 h6 25. Qg4 d4 26. Ne2 Bb6 27. Rf4 Bd7 28. Bxb7
Rae8 29. Qf3 Qe7 30. Be4 d5 31. Bxf5 Rxf5 32. Rxf5 Bxf5 33. Nf4 Rf8 34. Qxd5
Bc7 35. Qxf5 Bxf4 36. Qe4 Qg5 37. Bxd4 h5 38. h4 Qg4 39. Kg2 Kg8 40. Ra2 Kh8
41. Be3 Bxe3 42. Qxg4 hxg4 43. fxe3 Rf3 44. Rb2 Rxe3 45. b6 Re8 46. b7 Rb8 47.
Kf2 Kg8 48. Ke3 Kf7 49. Kd4 Ke6 50. Kc5 Kd7 51. Kb6 1-0

[Event "17. Europa ch Juvenil - Femenino s14"]
[Site "Sibenik CRO"]
[Date "2007.09.23"]
[Round "9.5"]
[White "Zakoscielna, Kinga"]
[Black "Danelia, Mariam"]
[Result "1-0"]
[WhiteElo "2020"]
[BlackElo "2066"]
[PlyCount "57"]
[EventDate "2007.09.14"]
[EventType "swiss"]
[EventRounds "9"]
[EventCountry "CRO"]
[Source "lmi"]
[SourceDate "2007.09.14"]

1. e4 c5 2. Nf3 d6 3. d4 cxd4 4. Nxd4 Nf6 5. Nc3 a6 6. Bg5 e6 7. f4 Qb6 8. Qd2
Qxb2 9. Rb1 Qa3 10. e5 dxe5 11. fxe5 Nfd7 12. Ne4 h6 13. Bh4 Nc6 14. Nxc6 bxc6
15. Be2 Qa4 16. c4 g5 17. Bg3 Bc5 18. h4 g4 19. h5 Qa3 20. Rb3 Qa4 21. Bh4 Bf8
22. O-O Rg8 23. Nd6+ Bxd6 24. Qxd6 Rg5 25. Bxg5 hxg5 26. h6 Nf8 27. Rd3 Qa5 28.
Qxc6+ Bd7 29. Qxa8+ 1-0

[Event "17. Europa ch Juvenil - Femenino s14"]
[Site "Sibenik CRO"]
[Date "2007.09.23"]
[Round "9.6"]
[White "Adamowicz, Katarzyna"]
[Black "Baciu, Diana"]
[Result "1-0"]
[WhiteElo "2007"]
[BlackElo "2048"]
[PlyCount "65"]
[EventDate "2007.09.14"]
[EventType "swiss"]
[EventRounds "9"]
[EventCountry "CRO"]
[Source "lmi"]
[SourceDate "2007.09.14"]

1. e4 c5 2. Nf3 a6 3. c4 d6 4. d4 cxd4 5. Nxd4 Nf6 6. Nc3 e6 7. Be2 Be7 8. O-O
Qc7 9. Be3 O-O 10. f4 Nbd7 11. Rc1 b6 12. Bd3 Bb7 13. Qf3 Rac8 14. b4 Rfe8 15.
Qg3 Qb8 16. Rfe1 Kh8 17. Bd2 e5 18. Nf5 Bf8 19. Nd5 Nxd5 20. exd5 g6 21. Nh4
Bg7 22. f5 Nf6 23. Bg5 a5 24. fxg6 fxg6 25. Bxf6 Bxf6 26. Nxg6+ hxg6 27. Qxg6
Rc7 28. Qxf6+ Rg7 29. Re4 Qd8 30. Rh4+ Kg8 31. Bh7+ Kh8 32. Bg6+ Kg8 33. Bf7+
1-0

[Event "17. Europa ch Juvenil - Femenino s14"]
[Site "Sibenik CRO"]
[Date "2007.09.23"]
[Round "9.7"]
[White "Stetsko, Lanita"]
[Black "Bulmaga, Irina"]
[Result "1/2-1/2"]
[WhiteElo "2029"]
[BlackElo "2158"]
[PlyCount "93"]
[EventDate "2007.09.14"]
[EventType "swiss"]
[EventRounds "9"]
[EventCountry "CRO"]
[Source "lmi"]
[SourceDate "2007.09.14"]

1. e4 c5 2. Nf3 e6 3. Nc3 a6 4. d4 cxd4 5. Nxd4 Qc7 6. Bd3 Bd6 7. Qg4 h5 8. Qe2
Be5 9. Nb3 Nf6 10. Bd2 b5 11. g3 Nc6 12. f4 Nd4 13. Qf1 Nxb3 14. axb3 Bxc3 15.
Bxc3 Bb7 16. Qe2 Qc6 17. O-O-O O-O-O 18. Rhe1 Kb8 19. Kb1 Rc8 20. h3 Qc5 21.
Qe3 Qxe3 22. Rxe3 d5 23. exd5 Nxd5 24. Be5+ Ka8 25. Ree1 Rhg8 26. Bh7 Rh8 27.
Be4 f6 28. Bd4 h4 29. Bxd5 Bxd5 30. g4 Rhe8 31. Bf2 Kb7 32. Rd3 g6 33. Bxh4 f5
34. gxf5 gxf5 35. Bg5 Rh8 36. h4 Rc7 37. Rh3 Be4 38. Rc3 Rd7 39. Kc1 Rhh7 40.
Rd1 Rd5 41. Rxd5 exd5 42. Kd2 d4 43. Rh3 Kc6 44. h5 Kd5 45. Bf6 Bg2 46. Rg3 Be4
47. Rh3 1/2-1/2

[Event "17. Europa ch Juvenil - Femenino s14"]
[Site "Sibenik CRO"]
[Date "2007.09.23"]
[Round "9.8"]
[White "Bluebaum, Johanna"]
[Black "Butuc, Maria"]
[Result "1/2-1/2"]
[WhiteElo "1946"]
[BlackElo "2082"]
[PlyCount "77"]
[EventDate "2007.09.14"]
[EventType "swiss"]
[EventRounds "9"]
[EventCountry "CRO"]
[Source "lmi"]
[SourceDate "2007.09.14"]

1. d4 Nf6 2. c4 e6 3. Nc3 Bb4 4. f3 c5 5. d5 d6 6. e4 Bxc3+ 7. bxc3 e5 8. Bd3
Nbd7 9. Ne2 Nf8 10. O-O h6 11. f4 exf4 12. Nxf4 N8d7 13. Nh5 Nxh5 14. Qxh5 Ne5
15. Qe2 O-O 16. Bf4 Qe7 17. Rae1 Bd7 18. Qe3 Kh7 19. Qg3 Rae8 20. a3 Bc8 21.
Rf2 f6 22. Be2 g5 23. Bxe5 Qxe5 24. Qxe5 Rxe5 25. Ref1 Kg7 26. Bd3 Bd7 27. Rb1
b6 28. a4 f5 29. exf5 Bxf5 30. Bxf5 Rfxf5 31. a5 Rxf2 32. Kxf2 Re4 33. axb6
axb6 34. Rxb6 Rxc4 35. Rxd6 Rxc3 36. Rc6 c4 37. Ke2 Rd3 38. d6 h5 39. Rxc4
1/2-1/2

[Event "17. Europa ch Juvenil - Femenino s14"]
[Site "Sibenik CRO"]
[Date "2007.09.23"]
[Round "9.9"]
[White "Efremova, Daria"]
[Black "Chrzaszcz, Malvina"]
[Result "1-0"]
[WhiteElo "2033"]
[BlackElo "1872"]
[PlyCount "72"]
[EventDate "2007.09.14"]
[EventType "swiss"]
[EventRounds "9"]
[EventCountry "CRO"]
[Source "lmi"]
[SourceDate "2007.09.14"]

1. d4 Nf6 2. Nf3 e6 3. Bf4 c5 4. e3 Be7 5. Nbd2 b6 6. h3 Bb7 7. c3 O-O 8. Be2
d6 9. O-O Nbd7 10. a4 a6 11. Nc4 d5 12. Nce5 Nxe5 13. Nxe5 Nd7 14. Bd3 Nxe5 15.
dxe5 f6 16. exf6 Bxf6 17. Qh5 g6 18. Qg4 Qe7 19. Bh6 Rf7 20. e4 Rd8 21. Rfe1 e5
22. exd5 Bxd5 23. Bxa6 Qa7 24. Bc4 Qb7 25. Bxd5 Rxd5 26. Qe6 Rd8 27. f4 Bh4 28.
Rxe5 Be7 29. Rae1 Bf8 30. Bxf8 Kxf8 31. R5e4 Rd2 32. Qe8+ Kg7 33. Qe5+ Kg8 34.
R4e2 Rd5 35. Qe8+ Kg7 36. Re7 Rd7 1-0

[Event "17. Europa ch Juvenil - Femenino s14"]
[Site "Sibenik CRO"]
[Date "2007.09.23"]
[Round "9.10"]
[White "Brunello, Marina"]
[Black "Anakidze, Nino"]
[Result "1-0"]
[WhiteElo "1947"]
[BlackElo "1868"]
[PlyCount "51"]
[EventDate "2007.09.14"]
[EventType "swiss"]
[EventRounds "9"]
[EventCountry "CRO"]
[Source "lmi"]
[SourceDate "2007.09.14"]

1. e4 c6 2. d4 d5 3. e5 Bf5 4. Nf3 e6 5. Be2 Ne7 6. O-O Nd7 7. b3 c5 8. Bb2 Nc6
9. Re1 Qc7 10. c4 Nb4 11. Na3 dxc4 12. Bxc4 a6 13. d5 exd5 14. Bxd5 O-O-O 15.
Be4 Bxe4 16. Rxe4 Nf6 17. exf6 Rxd1+ 18. Rxd1 Bd6 19. Nc4 gxf6 20. Nxd6+ Kb8
21. Bxf6 Rg8 22. Re8+ Rxe8 23. Nxe8 Qb6 24. Be5+ Ka7 25. Nd6 Nc6 26. Nc8+ 1-0

[Event "17. Europa ch Juvenil - Femenino s14"]
[Site "Sibenik CRO"]
[Date "2007.09.23"]
[Round "9.12"]
[White "Sokolova, Vera"]
[Black "Edes, Zsofia"]
[Result "1-0"]
[WhiteElo "2009"]
[BlackElo "1831"]
[PlyCount "70"]
[EventDate "2007.09.14"]
[EventType "swiss"]
[EventRounds "9"]
[EventCountry "CRO"]
[Source "lmi"]
[SourceDate "2007.09.14"]

1. e4 e5 2. Nf3 Nc6 3. Bb5 a6 4. Ba4 Bc5 5. O-O b5 6. Bb3 d6 7. c3 Qf6 8. d3 h6
9. Be3 Nge7 10. Bc2 Bg4 11. Nbd2 O-O 12. h3 Bh5 13. b4 Ba7 14. a4 d5 15. axb5
axb5 16. Bxa7 Nxa7 17. Ra5 Rfb8 18. exd5 Nxd5 19. Qa1 Rb7 20. Ne4 Qe7 21. g4 f5
22. gxh5 fxe4 23. Bb3 exf3 24. Bxd5+ Kh7 25. Be4+ Kh8 26. Bxf3 Qg5+ 27. Kh1 Qh4
28. Bxb7 Qxh3+ 29. Kg1 c6 30. Bxc6 Nxc6 31. Rxa8+ Kh7 32. Rh8+ Kxh8 33. Qa8+
Nd8 34. Qxd8+ Kh7 35. Qd5 Qxh5 1-0

[Event "17. Europa ch Juvenil - Femenino s14"]
[Site "Sibenik CRO"]
[Date "2007.09.23"]
[Round "9.14"]
[White "Purgar, Ivona"]
[Black "Vombek, Sara"]
[Result "1/2-1/2"]
[WhiteElo "1944"]
[BlackElo "1873"]
[PlyCount "80"]
[EventDate "2007.09.14"]
[EventType "swiss"]
[EventRounds "9"]
[EventCountry "CRO"]
[Source "lmi"]
[SourceDate "2007.09.14"]

1. e4 c5 2. Nf3 d6 3. d4 cxd4 4. Nxd4 Nf6 5. Nc3 a6 6. f4 e5 7. Nf3 Nbd7 8. a4
b6 9. Bd3 Bb7 10. O-O Qc7 11. Qe2 Be7 12. Kh1 Nc5 13. fxe5 dxe5 14. Bg5 O-O 15.
Nh4 Nxd3 16. cxd3 Ne8 17. Bxe7 Qxe7 18. Nf5 Qe6 19. Rf3 Nd6 20. Ne3 f5 21. Ned5
fxe4 22. dxe4 Rxf3 23. Qxf3 Rf8 24. Qe2 Rf7 25. Rd1 Ne8 26. Qe3 Bxd5 27. exd5
Qf6 28. h3 Rd7 29. Qe2 a5 30. Rf1 Qd6 31. Rd1 Qf6 32. Qb5 Qd8 33. Qe2 Qf6 34.
Ne4 Qd8 35. Qg4 Kh8 36. d6 Nf6 37. Nxf6 gxf6 38. Qe6 Kg7 39. Rd3 Kh8 40. Kh2 e4
1/2-1/2

[Event "17. Europa ch Juvenil - Femenino s14"]
[Site "Sibenik CRO"]
[Date "2007.09.23"]
[Round "9.16"]
[White "Pavlidou, Ekaterini"]
[Black "Le Bail, Arielle"]
[Result "1-0"]
[WhiteElo "1984"]
[BlackElo "1808"]
[PlyCount "43"]
[EventDate "2007.09.14"]
[EventType "swiss"]
[EventRounds "9"]
[EventCountry "CRO"]
[Source "lmi"]
[SourceDate "2007.09.14"]

1. d4 d5 2. c4 c6 3. Nf3 Nf6 4. Nc3 dxc4 5. a4 Bf5 6. e3 e6 7. Bxc4 Bb4 8. O-O
O-O 9. Qe2 c5 10. Rd1 Qa5 11. Bd2 Nc6 12. Nb5 Rfd8 13. dxc5 Ne4 14. Bxb4 Qxb4
15. Nfd4 Ne5 16. Rac1 Bg6 17. f4 Bh5 18. Qxh5 Nxc4 19. Qe2 Qxb2 20. Rc2 Qb4 21.
Rxc4 Qa5 22. Nb3 1-0

[Event "17. Europa ch Juvenil - Femenino s14"]
[Site "Sibenik CRO"]
[Date "2007.09.23"]
[Round "9.17"]
[White "Trapeznikova, Darya"]
[Black "Stodolnik, Alicja"]
[Result "0-1"]
[WhiteElo "1959"]
[BlackElo "1789"]
[PlyCount "52"]
[EventDate "2007.09.14"]
[EventType "swiss"]
[EventRounds "9"]
[EventCountry "CRO"]
[Source "lmi"]
[SourceDate "2007.09.14"]

1. d4 d5 2. c4 e6 3. Nc3 Nf6 4. cxd5 exd5 5. Bg5 Be7 6. e3 c6 7. Bd3 O-O 8. Qc2
Nbd7 9. Nge2 Re8 10. O-O Nf8 11. Kh1 Ne4 12. Bf4 Ng5 13. f3 Bd6 14. Bxg5 Qxg5
15. e4 dxe4 16. fxe4 Ng6 17. Qb3 Be6 18. d5 cxd5 19. exd5 Bg4 20. Qxb7 f5 21.
Rae1 Qh5 22. g3 Bf3+ 23. Kg1 Bc5+ 24. Rf2 Qh3 25. Nd4 Rxe1+ 26. Bf1 Qxf1+ 0-1

[Event "17. Europa ch Juvenil - Femenino s14"]
[Site "Sibenik CRO"]
[Date "2007.09.23"]
[Round "9.18"]
[White "Miladinovic, Lena"]
[Black "Bochis, Julia"]
[Result "1-0"]
[WhiteElo "1815"]
[BlackElo "1936"]
[PlyCount "69"]
[EventDate "2007.09.14"]
[EventType "swiss"]
[EventRounds "9"]
[EventCountry "CRO"]
[Source "lmi"]
[SourceDate "2007.09.14"]

1. e4 c5 2. Nf3 a6 3. c3 d5 4. exd5 Qxd5 5. d4 e6 6. Be2 Nf6 7. O-O Be7 8. Ne5
cxd4 9. cxd4 Nc6 10. Bf3 Qb5 11. Na3 Bxa3 12. Bxc6+ bxc6 13. bxa3 Bb7 14. Qc2
Qd5 15. Qc5 Ne4 16. Qxd5 cxd5 17. Rb1 Nd6 18. Bf4 Nb5 19. Kh1 f6 20. a4 fxe5
21. Bxe5 Bc6 22. axb5 Bxb5 23. Rfc1 O-O 24. Rc7 Rf7 25. Rxf7 Kxf7 26. a4 Bc6
27. Rb6 Rc8 28. h3 a5 29. Ra6 Bxa4 30. Ra7+ Kf8 31. Bxg7+ Kg8 32. Be5 Bc2 33.
Rxa5 Bg6 34. Ra3 Rf8 35. f4 1-0

[Event "17. Europa ch Juvenil - Femenino s14"]
[Site "Sibenik CRO"]
[Date "2007.09.23"]
[Round "9.19"]
[White "Salido Polo, Veronica"]
[Black "Auvray, Juliette"]
[Result "1-0"]
[WhiteElo "1753"]
[BlackElo "1906"]
[PlyCount "61"]
[EventDate "2007.09.14"]
[EventType "swiss"]
[EventRounds "9"]
[EventCountry "CRO"]
[Source "lmi"]
[SourceDate "2007.09.14"]

1. e4 c6 2. d4 d5 3. f3 e6 4. Nc3 Bd6 5. Be3 Qb6 6. a3 Bd7 7. Bd3 c5 8. exd5
cxd4 9. dxe6 dxe3 10. exd7+ Nxd7 11. Bc4 Ngf6 12. Nge2 O-O 13. O-O Rad8 14. Qe1
Qc7 15. Bd3 Bxh2+ 16. Kh1 Be5 17. f4 Bxc3 18. Nxc3 Ng4 19. Qh4 Ngf6 20. Rf3 Qb6
21. Rh3 h6 22. g4 Qxb2 23. Rg1 Qxc3 24. g5 Qc6+ 25. Kh2 h5 26. gxf6 Nxf6 27.
Rxg7+ Kxg7 28. Qg5+ Kh8 29. Qh6+ Kg8 30. Rg3+ Ng4+ 31. Rxg4+ 1-0